| 000 | 00742nam a2200277Ia 4500 | ||
|---|---|---|---|
| 003 | OSt | ||
| 005 | 20221007070801.0 | ||
| 006 | a|||||r|||| 00| 0 | ||
| 007 | ta | ||
| 008 | 221006b |||||||| |||| 00| 0 eng d | ||
| 020 | _a9789386698438 | ||
| 024 | _a45,453 | ||
| 037 | _cTextual | ||
| 040 |
_aFLL _cFLL _beng |
||
| 041 |
_2eng _aeng |
||
| 082 | _aV2:2:Z, Q8.1 | ||
| 100 |
_aREDDY Sudershan _9687696 |
||
| 245 | 0 | _aD.J. De The Constitution of India | |
| 250 | _a4th | ||
| 260 |
_aHyderabad _bAsia Law House India _c2018 |
||
| 300 |
_a1224p. _ccm. |
||
| 490 | _vVolume -1 | ||
| 700 |
_a PASAYAT Arjit _9687697 |
||
| 942 |
_hV2:2:Z, Q8.1 _cTEXL _2CC |
||
| 999 |
_c1141514 _d1141514 |
||